Kreuger : (Record no. 75111)

MARC details
000 -LEADER
fixed length control field 00816nam a2200277 a 4500
001 - CONTROL NUMBER
control field vtls000071606
003 - CONTROL NUMBER IDENTIFIER
control field NLI
005 - DATE AND TIME OF LATEST TRANSACTION
control field 20210601193041.0
008 - FIXED-LENGTH DATA ELEMENTS--GENERAL INFORMATION
fixed length control field 101125s1960 enk 000 0beng
020 ## - INTERNATIONAL STANDARD BOOK NUMBER
Terms of availability 21s
039 #9 - LEVEL OF BIBLIOGRAPHIC CONTROL AND CODING DETAIL [OBSOLETE]
-- 201011250732
-- VLOAD
040 0# - CATALOGING SOURCE
Original cataloging agency NLI
Language of cataloging eng
Transcribing agency Entertech-2003
Description conventions AACR2
041 0# - LANGUAGE CODE
Language code of text/sound track or separate title eng
044 ## - COUNTRY OF PUBLISHING/PRODUCING ENTITY CODE
MARC country code enk
082 04 - DEWEY DECIMAL CLASSIFICATION NUMBER
Classification number 92
100 1# - MAIN ENTRY--PERSONAL NAME
Personal name Shaplen, Robert,
Dates associated with a name 1917-
9 (RLIN) 170673
245 10 - TITLE STATEMENT
Title Kreuger :
Remainder of title genius and swindler /
Statement of responsibility, etc. by Robert Shaplen ; with an introduction by John Kenneth Galbraith
260 ## - PUBLICATION, DISTRIBUTION, ETC.
Place of publication, distribution, etc. London :
Name of publisher, distributor, etc. Andre Deutsch,
Date of publication, distribution, etc. c1960
300 ## - PHYSICAL DESCRIPTION
Extent xv, 251, xi p. ;
Dimensions 21 cm.
600 10 - SUBJECT ADDED ENTRY--PERSONAL NAME
Personal name Kreuger, Ivar,
Dates associated with a name 1880-1932
9 (RLIN) 170674
887 ## - NON-MARC INFORMATION FIELD
Content of non-MARC field
901 ## - LOCAL DATA ELEMENT A, LDA (RLIN)
a 339381
b 04.05.1961
902 ## - LOCAL DATA ELEMENT B, LDB (RLIN)
a E92 K887
949 ## - LOCAL PROCESSING INFORMATION (OCLC)
-- VIRTUAITEM
-- 10000
-- 100
6 PUR000339381ENG
942 ## - ADDED ENTRY ELEMENTS (KOHA)
Source of classification or shelving scheme Dewey Decimal Classification
Koha item type Books
Holdings
Withdrawn status Lost status Damaged status Not for loan Collection code Home library Current library Shelving location Date acquired Total Checkouts Full call number Barcode Date last seen Price effective from Koha item type
        New English National Library of India National Library of India New English - Main Stack Division     E92 K887 PUR000339381ENG 01/06/2021 01/06/2021 Books
                                                                           
web counter

Copyright ©2020 The National Library of India, Govt. of India ↔ Hosted by NVLI, MOC ↔ Technology and Design by National Library of India, Ministry of Culture, Govt. of India